Statistics for Psych Trivia 🍍

Click here to take the quiz!

General Stats

  • This quiz has been taken 63 times
  • The average score is 8 of 15

Answer Stats

HintAnswer% Correct
How Psych movies are there?3
96%
I've _______ it both waysHeard
96%
What is one of Detective Lassiter's most common nicknames?Lassie
96%
Dulé Hill plays what character?Burton Guster
85%
Who was Shawn's first girlfriend in the series?Abigail
80%
_____ didn't die, it was murdered!Disco
72%
I'm not inclined to ______ __ ________Resign to maturity
69%
Ghee ___________Buttersnaps
67%
What is Gus's job?Pharmaceutical Salesman
52%
In what episode does John Cena guest star?You can't handle this episode
33%
What musician is frequently referenced?Curt Smith
30%
What show is referenced in the last episode?Monk
30%
What ethnicity was the speed bump that broke the Blueberry in half?German
24%
What's the name of the girl obsessed with Henry Spencer?Chelsea
13%
They go to Dual Spires for what event?The Cinnamon Festival
4%

Score Distribution

Percentile by Number Answered

Percent of People with Each Score

Your Score History

You have not taken this quiz